| 000 | 00505nam a22001817a 4500 | ||
|---|---|---|---|
| 008 | 230705b |||||||| |||| 00| 0 eng d | ||
| 020 | _a9788126725670 | ||
| 040 |
_aNational Science Library _cNational Science Library |
||
| 080 |
_a82-32THA _bQ4 |
||
| 100 | _aThakur, Ravindranath | ||
| 245 | _aनौका डूबी | ||
| 246 | _aNauka doobi | ||
| 260 |
_aNew Delhi: _bRajkamal Prakashan, _c2014 |
||
| 300 | _a251p. | ||
| 365 |
_b450.00 _cINR |
||
| 650 | _aHindi literature | ||
| 942 |
_2udc _cHBK |
||
| 999 |
_c49654 _d49654 |
||